[Event "Lisbon Portugal op"]
[Site "Lisbon"]
[Date "2018.02.06"]
[Round "6"]
[White "Colijn, Stefan"]
[Black "Costa, Joao Guerra"]
[Result "1-0"]
[WhiteElo "2311"]
[BlackElo "2130"]
[PlyCount "79"]
[EventDate "2018.02.03"]
[EventType "swiss"]
[EventRounds "9"]
[EventCountry "POR"]
[SourceTitle "CBM 182 Extra"]
[Source "ChessBase"]
[SourceDate "2018.02.23"]
[SourceVersion "1"]
[SourceVersionDate "2018.02.23"]
[SourceQuality "1"]

1. d4 Nf6 2. c4 e6 3. Nf3 b6 4. Bg5 Bb4+ 5. Nbd2 Bb7 6. a3 Bxd2+ 7. Qxd2 h6 8. Bxf6 Qxf6 9. d5 d6 10. e4 Nd7 11. Bd3 a5 12. 0-0 a4 13. Rae1 e5 14. Re3 Nf8 15. Bc2 Bc8 16. Ne1 g5 17. f3 h5 18. Nd3 h4 19. Kf2 Ng6 20. Ke1 Nf4 21. Nb4 h3 22. gxh3 Rxh3 23. Rf2 Bd7 24. Kd1 Ke7 25. Kc1 Qh6 26. Re1 Qh4 27. Kb1 Rh8 28. Rh1 Ra8 29. Na2 Qh5 30. Qe1 Rh8 31. Nc3 Qg6 32. Qd1 R8h4 33. Bxa4 Qh7 34. Bxd7 Kxd7 35. Qa4+ Ke7 36. Qc6 Kd8 37. Qa8+ Kd7 38. Nb5 f6 39. Qb8 Nd3 40. Rd2 1-0

[Event "Pontevedra op 4th"]
[Site "Pontevedra"]
[Date "2015.12.29"]
[Round "7"]
[White "Portela Peleteiro, Alberto"]
[Black "Costa, Joao Guerra"]
[Result "1/2-1/2"]
[WhiteElo "2368"]
[BlackElo "2139"]
[PlyCount "74"]
[EventDate "2015.12.26"]
[EventType "swiss"]
[EventRounds "9"]
[EventCountry "ESP"]
[SourceTitle "CBM 170 Extra"]
[Source "ChessBase"]
[SourceDate "2016.02.25"]
[SourceVersion "1"]
[SourceVersionDate "2016.02.25"]
[SourceQuality "1"]

1. e4 e5 2. Nf3 Nc6 3. Nc3 Nf6 4. d4 exd4 5. Nxd4 Bb4 6. Nxc6 bxc6 7. Bd3 Qe7 8. 0-0 Bxc3 9. bxc3 0-0 10. Qf3 d6 11. Bg5 Rb8 12. Rfe1 Re8 13. h3 Qe6 14. Bxf6 Qxf6 15. Qxf6 gxf6 16. Rab1 Be6 17. c4 Rb6 18. f4 Reb8 19. Rb3 Rb4 20. Reb1 c5 21. a3 R4b6 22. Kf2 Bd7 23. Ke3 Kf8 24. Kd2 Ba4 25. Rxb6 axb6 26. Re1 h6 27. e5 fxe5 28. fxe5 Re8 29. exd6 Rxe1 30. dxc7 Re8 31. Bf5 Bc6 32. c8Q Rxc8 33. Bxc8 Bxg2 34. h4 Ke7 35. Ke3 Bf1 36. Ba6 Kf6 37. Kf4 Be2 1/2-1/2

[Event "Figueira da Foz op 9th"]
[Site "Figueira da Foz"]
[Date "2015.11.24"]
[Round "5"]
[White "Costa, Joao Guerra"]
[Black "Jakubowski, Krzysztof"]
[Result "0-1"]
[WhiteElo "2182"]
[BlackElo "2564"]
[PlyCount "78"]
[EventDate "2015.11.21"]
[EventType "swiss"]
[EventRounds "9"]
[EventCountry "POR"]
[SourceTitle "CBM 169 Extra"]
[Source "ChessBase"]
[SourceDate "2015.12.18"]
[SourceVersion "1"]
[SourceVersionDate "2015.12.18"]
[SourceQuality "1"]

1. e4 c5 2. Nf3 e6 3. d4 cxd4 4. Nxd4 Nf6 5. Nc3 d6 6. Be2 a6 7. 0-0 Be7 8. f4 0-0 9. Be3 Nc6 10. a4 Qc7 11. Bf3 Nd7 12. Qe1 Re8 13. Kh1 Bf8 14. f5 Nde5 15. fxe6 fxe6 16. Be2 Bd7 17. Qg3 Nxd4 18. Bxd4 Be7 19. Rf2 Rf8 20. Raf1 Rxf2 21. Rxf2 Rf8 22. Rxf8+ Kxf8 23. h4 Qa5 24. h5 h6 25. b3 Bf6 26. Nb1 Bc6 27. Bc3 Qc5 28. Nd2 Nd7 29. Nc4 Bxc3 30. Qxc3 Bxe4 31. Bf3 Nf6 32. Bxe4 Qxh5+ 33. Kg1 Nxe4 34. Qf3+ Qf5 35. Na5 Qxf3 36. gxf3 Nc5 37. Nc4 d5 38. Nb6 a5 39. Kf2 Ke7 0-1

[Event "Figueira da Foz op 9th"]
[Site "Figueira da Foz"]
[Date "2015.11.21"]
[Round "1"]
[White "Costa, Joao Guerra"]
[Black "Santos, Agostinho Manuel"]
[Result "1-0"]
[WhiteElo "2182"]
[BlackElo "1603"]
[PlyCount "59"]
[EventDate "2015.11.21"]
[EventType "swiss"]
[EventRounds "9"]
[EventCountry "POR"]
[SourceTitle "CBM 169 Extra"]
[Source "ChessBase"]
[SourceDate "2015.12.18"]
[SourceVersion "1"]
[SourceVersionDate "2015.12.18"]
[SourceQuality "1"]

1. e4 c5 2. Nf3 d6 3. d4 cxd4 4. Nxd4 Nf6 5. Nc3 g6 6. Be2 Bg7 7. 0-0 Nc6 8. Nb3 0-0 9. Re1 a6 10. a4 Be6 11. Bf1 Bxb3 12. cxb3 Rc8 13. Bd2 Re8 14. Nd5 Nxd5 15. exd5 Ne5 16. Bc3 h5 17. b4 Ng4 18. Bxg7 Kxg7 19. Qd4+ Kg8 20. b5 Rc2 21. bxa6 bxa6 22. Bxa6 Rxf2 23. h3 e5 24. dxe6 Qa8 25. exf7+ Kh7 26. Bf1 Rxf1+ 27. Rxf1 Re2 28. Rf3 Ne3 29. f8Q Rxg2+ 30. Kh1 1-0

[Event "POR SuperCup"]
[Site "Vila Nova de Gaia"]
[Date "2015.11.07"]
[Round "1.4"]
[White "Costa, Joao Guerra"]
[Black "Silva, Miguel Antonio Neto"]
[Result "1/2-1/2"]
[WhiteElo "2182"]
[BlackElo "2178"]
[PlyCount "99"]
[EventDate "2015.11.07"]
[EventType "team-match"]
[EventRounds "1"]
[EventCountry "POR"]
[SourceTitle "CBM 169 Extra"]
[Source "ChessBase"]
[SourceDate "2015.12.18"]
[SourceVersion "1"]
[SourceVersionDate "2015.12.18"]
[SourceQuality "1"]
[WhiteTeam "Dias Ferreira"]
[BlackTeam "Gaia"]
[WhiteTeamCountry "POR"]
[BlackTeamCountry "POR"]

1. e4 c5 2. Nf3 d6 3. d4 cxd4 4. Nxd4 Nf6 5. Nc3 a6 6. Bg5 e6 7. f4 h6 8. Bh4 Be7 9. Qe2 Nxe4 10. Bxe7 Nxc3 11. Qc4 Kxe7 12. Qxc3 Bd7 13. 0-0-0 Qb6 14. Qd3 a5 15. g4 Na6 16. Qe3 Qc5 17. Bxa6 Rxa6 18. Nf5+ Kd8 19. Qxc5 dxc5 20. Nd6 Ke7 21. Nxf7 Rf8 22. Ne5 Be8 23. Rhf1 Rd6 24. Rde1 Kd8 25. h4 Rd4 26. Rd1 Rxd1+ 27. Kxd1 Kc7 28. Ke2 Bc6 29. Ke3 Rd8 30. c3 Bd5 31. Rg1 b6 32. g5 h5 33. g6 Bxa2 34. Rg5 Rh8 35. Nf7 Rf8 36. Rxh5 Bb1 37. Ne5 Kd6 38. Rh7 Rg8 39. h5 Ke7 40. Nf7 Kf6 41. Nh6 Rd8 42. Ng4+ Kf5 43. Ne5 Kf6 44. h6 Rg8 45. Rxg7 Rxg7 46. h7 Rxh7 47. gxh7 Bxh7 48. Nd7+ Ke7 49. Nxb6 Bc2 50. Nc4 1/2-1/2

[Event "POR-chT"]
[Site "Porto"]
[Date "2015.08.18"]
[Round "4.5"]
[White "Costa, Joao Guerra"]
[Black "Correia, Jorge Paulo Cardoso"]
[Result "1-0"]
[WhiteElo "2180"]
[BlackElo "1770"]
[PlyCount "79"]
[EventDate "2015.08.16"]
[EventType "team-tourn"]
[EventRounds "9"]
[EventCountry "POR"]
[SourceTitle "EXT 2016"]
[Source "ChessBase"]
[SourceDate "2015.10.08"]
[SourceVersion "1"]
[SourceVersionDate "2015.10.08"]
[SourceQuality "1"]
[WhiteTeam "Dias Ferreira"]
[BlackTeam "Santoantoniense"]
[WhiteTeamCountry "POR"]
[BlackTeamCountry "POR"]

1. e4 d5 2. exd5 Nf6 3. Nf3 Bg4 4. Bb5+ c6 5. dxc6 bxc6 6. Be2 Nbd7 7. h3 Bh5 8. 0-0 Qb6 9. b3 Bxf3 10. Bxf3 e5 11. Bb2 0-0-0 12. Nc3 g5 13. Ne4 Nxe4 14. Bxe4 f6 15. Qf3 Kc7 16. Rad1 Bc5 17. c3 h5 18. d4 Bd6 19. Qf5 g4 20. h4 g3 21. c4 gxf2+ 22. Rxf2 exd4 23. Bxd4 Bc5 24. Bxc5 Nxc5 25. Rdf1 Rhe8 26. Bc2 Re5 27. Qxf6 Rde8 28. Kh1 Nd7 29. Qf3 Qd4 30. Qf4 Qd6 31. Rd2 Qe7 32. Bf5 Nc5 33. Bg6 Rg8 34. Re1 Nd7 35. Rxd7+ Qxd7 36. Qxe5+ Kb6 37. Qe3+ Ka6 38. Qe6 Qd2 39. Qxc6+ Ka5 40. Qb5# 1-0

[Event "Porto op"]
[Site "Porto"]
[Date "2015.07.16"]
[Round "5"]
[White "Costa, Joao Guerra"]
[Black "Martins, Guilherme Pires Tav"]
[Result "1-0"]
[WhiteElo "2182"]
[BlackElo "1421"]
[PlyCount "105"]
[EventDate "2015.07.13"]
[EventType "swiss"]
[EventRounds "9"]
[EventCountry "POR"]
[SourceTitle "CBM 167 Extra"]
[Source "ChessBase"]
[SourceDate "2015.09.14"]
[SourceVersion "1"]
[SourceVersionDate "2015.09.14"]
[SourceQuality "1"]

1. e4 c5 2. Nf3 e6 3. d4 cxd4 4. Nxd4 a6 5. c4 Qc7 6. Nc3 Nf6 7. Be2 Bd6 8. h3 0-0 9. 0-0 Nc6 10. a3 b6 11. Bg5 Nxd4 12. Qxd4 Be5 13. Qe3 h6 14. Bh4 Bf4 15. Qd3 g5 16. Bg3 Bxg3 17. fxg3 Ne8 18. Rf2 Bb7 19. Raf1 Ng7 20. Rf6 Ne8 21. Rxh6 Kg7 22. Rh5 Qc5+ 23. Kh2 Nf6 24. Na4 Qe5 25. Rxf6 Qxf6 26. Nxb6 Rad8 27. Qe3 Rg8 28. e5 Qe7 29. Rxg5+ Kf8 30. Rxg8+ Kxg8 31. c5 f5 32. Nc4 Bc6 33. Nd6 a5 34. b4 axb4 35. axb4 Qg7 36. b5 Bd5 37. b6 Rb8 38. Qd4 Qg5 39. Bc4 Ba8 40. Nxf5 Qxf5 41. Qxd7 Qxe5 42. Qc7 Qe4 43. Qxb8+ Kg7 44. Qc7+ Kh8 45. Qd8+ Kg7 46. Qg5+ Kh7 47. Qh4+ Qxh4 48. gxh4 e5 49. Ba6 e4 50. b7 Bxb7 51. Bxb7 e3 52. Kg3 e2 53. Kf2 1-0

[Event "Porto op"]
[Site "Porto"]
[Date "2015.07.16"]
[Round "6"]
[White "Heberla, Bartlomiej"]
[Black "Costa, Joao Guerra"]
[Result "1-0"]
[WhiteElo "2558"]
[BlackElo "2182"]
[PlyCount "96"]
[EventDate "2015.07.13"]
[EventType "swiss"]
[EventRounds "9"]
[EventCountry "POR"]
[SourceTitle "CBM 167 Extra"]
[Source "ChessBase"]
[SourceDate "2015.09.14"]
[SourceVersion "1"]
[SourceVersionDate "2015.09.14"]
[SourceQuality "1"]

1. e4 e5 2. Nf3 d6 3. d4 exd4 4. Nxd4 Nf6 5. Nc3 Be7 6. Be2 0-0 7. Bf4 Re8 8. Qd2 Bf8 9. f3 Nbd7 10. 0-0-0 Ne5 11. g4 a6 12. Bg3 g6 13. Rhg1 Kh8 14. Bf2 b5 15. g5 b4 16. Nb1 c5 17. gxf6 cxd4 18. Bxd4 Qa5 19. Be3 Be6 20. Bh6 Rac8 21. Bxf8 Rxf8 22. Qh6 Rg8 23. Rd2 g5 24. f4 Rg6 25. Qh5 Qc5 26. Rg3 gxf4 27. Rxg6 Nxg6 28. Qxc5 dxc5 29. Bxa6 Rg8 30. Rf2 Ra8 31. Bb7 Rxa2 32. Rd2 h6 33. e5 Nxe5 34. Rd8+ Kh7 35. Be4+ Ng6 36. Rd6 c4 37. c3 bxc3 38. Nxc3 Ra1+ 39. Kd2 h5 40. Rxe6 fxe6 41. f7 Kg7 42. Bxg6 Rh1 43. Ne4 Rxh2+ 44. Kc3 Rg2 45. Bxh5 Rh2 46. Nf6 Rxh5 47. Nxh5+ Kxf7 48. Nxf4 e5 1-0

[Event "Porto op"]
[Site "Porto"]
[Date "2015.07.14"]
[Round "2"]
[White "Fernandez, Daniel Howard"]
[Black "Costa, Joao Guerra"]
[Result "1-0"]
[WhiteElo "2472"]
[BlackElo "2182"]
[PlyCount "111"]
[EventDate "2015.07.13"]
[EventType "swiss"]
[EventRounds "9"]
[EventCountry "POR"]
[SourceTitle "CBM 167 Extra"]
[Source "ChessBase"]
[SourceDate "2015.09.14"]
[SourceVersion "1"]
[SourceVersionDate "2015.09.14"]
[SourceQuality "1"]

1. d4 f5 2. g3 Nf6 3. Bg2 g6 4. Nf3 Bg7 5. c4 d6 6. b4 0-0 7. Bb2 Nbd7 8. d5 a5 9. bxa5 Rxa5 10. Nbd2 Ra7 11. 0-0 e5 12. dxe6 Nc5 13. Qc2 Nxe6 14. Nd4 Nxd4 15. Bxd4 b6 16. a4 Bd7 17. a5 Rxa5 18. Rxa5 bxa5 19. c5 dxc5 20. Qxc5 a4 21. Rc1 Be8 22. Nf3 Bf7 23. Qxc7 Qxc7 24. Rxc7 Rd8 25. Ra7 Bb3 26. e3 Ne8 27. Bf1 Rb8 28. Bxg7 Nxg7 29. Nd4 h6 30. h3 Rb4 31. Bg2 Bc4 32. Bc6 Rb1+ 33. Kh2 Bb3 34. g4 f4 35. exf4 Rd1 36. Bxa4 Bxa4 37. Rxa4 Rd3 38. Kg2 Kf7 39. Nf3 Kf6 40. Ra6+ Ne6 41. Ne5 Rd4 42. Nxg6 Kxg6 43. Rxe6+ Kg7 44. Kg3 Rd3+ 45. f3 Rc3 46. f5 Rc4 47. h4 Rb4 48. g5 hxg5 49. hxg5 Rc4 50. Re7+ Kf8 51. f6 Rc1 52. Kg4 Rh1 53. f4 Rh2 54. g6 Rg2+ 55. Kf5 Rg1 56. g7+ 1-0

[Event "POR Cup 37th"]
[Site "Alcochete"]
[Date "2015.06.21"]
[Round "2.1"]
[White "Costa, Joao Guerra"]
[Black "Silva, Miguel Antonio Neto"]
[Result "0-1"]
[WhiteElo "2207"]
[BlackElo "2175"]
[PlyCount "72"]
[EventDate "2015.06.20"]
[EventType "team-k.o."]
[EventRounds "2"]
[EventCountry "POR"]
[SourceTitle "CBM 167 Extra"]
[Source "ChessBase"]
[SourceDate "2015.09.14"]
[SourceVersion "1"]
[SourceVersionDate "2015.09.14"]
[SourceQuality "1"]
[WhiteTeam "Dias Ferreira"]
[BlackTeam "POR Sporting Clube"]
[WhiteTeamCountry "POR"]
[BlackTeamCountry "POR"]

1. e4 c5 2. Nf3 d6 3. d4 cxd4 4. Nxd4 Nf6 5. Nc3 a6 6. Bg5 e6 7. Qe2 h6 8. Bh4 Be7 9. f4 Nxe4 10. Bxe7 Nxc3 11. Qc4 Kxe7 12. Qxc3 Bd7 13. 0-0-0 Qb6 14. Bc4 Nc6 15. Nxe6 Bxe6 16. Bxe6 Kxe6 17. Rhe1+ Kd7 18. Qxg7 Raf8 19. Qf6 Kc8 20. Rxd6 Qc7 21. Qf5+ Kb8 22. Rd7 Qc8 23. Red1 Rhg8 24. g3 Rg6 25. Qd5 f5 26. a3 Ka8 27. Rd3 Nb8 28. Rh7 Re6 29. Kb1 Rff6 30. Rb3 Rb6 31. Qd4 Rfd6 32. Qe5 Rd1+ 33. Ka2 Rxb3 34. cxb3 Qc1 35. b4 Qc4+ 36. b3 Rd2+ 0-1

[Event "POR Cup 37th"]
[Site "Alcochete"]
[Date "2015.06.20"]
[Round "1.1"]
[White "Costa, Joao Guerra"]
[Black "Novais, Carlos Joao Fernand"]
[Result "0-1"]
[WhiteElo "2207"]
[BlackElo "2060"]
[PlyCount "81"]
[EventDate "2015.06.20"]
[EventType "team-k.o."]
[EventRounds "2"]
[EventCountry "POR"]
[SourceTitle "CBM 167 Extra"]
[Source "ChessBase"]
[SourceDate "2015.09.14"]
[SourceVersion "1"]
[SourceVersionDate "2015.09.14"]
[SourceQuality "1"]
[WhiteTeam "Dias Ferreira"]
[BlackTeam "O Amanha da Crianca"]
[WhiteTeamCountry "POR"]
[BlackTeamCountry "POR"]

1. f4 c5 2. Nf3 Nc6 3. g3 Nf6 4. Bg2 e6 5. d3 Be7 6. e4 d6 7. 0-0 0-0 8. Na3 Rb8 9. Nc4 b5 10. Ne3 c4 11. a4 cxd3 12. axb5 dxc2 13. Qxc2 Nb4 14. Qa4 d5 15. Bd2 dxe4 16. Bxb4 Bxb4 17. Rfd1 Qb6 18. Nd4 Bc5 19. Kh1 Bxd4 20. Rxd4 Qxb5 21. Qxb5 Rxb5 22. b4 a6 23. Rc1 a5 24. bxa5 Rxa5 25. g4 e5 26. fxe5 Rxe5 27. h3 h5 28. gxh5 Nxh5 29. Kh2 f5 30. Rc7 Be6 31. Re7 Nf4 32. Bf1 Ng6 33. Ra7 Nh4 34. Rd6 Nf3+ 35. Kg2 f4 36. Ng4 Bxg4 37. Bc4+ Kh7 38. hxg4 Rc8 39. Be6 Rc2+ 40. Kf1 e3 41. Bf5+ 0-1

[Event "POR CupT 1/8f-1/4f"]
[Site "Madeira, Torres Novas"]
[Date "2015.05.23"]
[Round "3.2"]
[White "Mendes, Rui Oscar"]
[Black "Costa, Joao Guerra"]
[Result "0-1"]
[WhiteElo "1767"]
[BlackElo "2198"]
[PlyCount "68"]
[EventDate "2015.05.23"]
[EventType "team-k.o."]
[EventRounds "6"]
[EventCountry "POR"]
[SourceTitle "EXT 2018"]
[Source "ChessBase"]
[SourceDate "2017.10.13"]
[SourceVersion "1"]
[SourceVersionDate "2017.10.13"]
[SourceQuality "1"]
[WhiteTeam "Porto GX II"]
[BlackTeam "Dias Ferreira"]
[WhiteTeamCountry "POR"]
[BlackTeamCountry "POR"]

1. d4 f5 2. c4 Nf6 3. Nc3 g6 4. Nf3 Bg7 5. g3 0-0 6. Bg2 d6 7. 0-0 Qe8 8. Qc2 Nh5 9. e3 e5 10. dxe5 dxe5 11. e4 f4 12. gxf4 Nxf4 13. Nd5 Nxg2 14. Kxg2 Qd7 15. Ng1 Nc6 16. Be3 Nd4 17. Qd1 c6 18. Nc3 Qe6 19. b3 g5 20. Rc1 Qg6 21. f3 g4 22. f4 exf4 23. Rxf4 Rxf4 24. Bxf4 Ne6 25. Be3 Bxc3 26. Rxc3 Qxe4+ 27. Kf2 b6 28. Bh6 Qf5+ 29. Ke2 Bd7 30. Rd3 Re8 31. Re3 c5 32. Qd6 Nd4+ 33. Kd1 Rxe3 34. Qb8+ Re8 0-1

[Event "WUCC op 11th"]
[Site "Zuerich"]
[Date "2010.09.06"]
[Round "3"]
[White "Panjwani, Raja"]
[Black "Costa, Joao Guerra"]
[Result "1-0"]
[WhiteElo "2429"]
[BlackElo "2186"]
[PlyCount "73"]
[EventDate "2010.09.05"]
[EventType "swiss"]
[EventRounds "9"]
[EventCountry "SUI"]
[SourceTitle "CBM 138 Extra"]
[Source "ChessBase"]
[SourceDate "2010.10.29"]
[SourceVersion "1"]
[SourceVersionDate "2010.10.29"]
[SourceQuality "1"]

1. Nf3 f5 2. c4 Nf6 3. g3 g6 4. b4 d6 5. Bg2 Bg7 6. Bb2 e5 7. d3 0-0 8. 0-0 Qe8 9. e3 Nc6 10. b5 Nd8 11. a4 Ne6 12. Nc3 g5 13. Nd2 f4 14. a5 a6 15. b6 g4 16. exf4 exf4 17. Re1 f3 18. Bf1 Qh5 19. Nb3 cxb6 20. axb6 d5 21. Ra5 Ng5 22. Re7 d4 23. Nd5 Nxd5 24. Rxd5 Bf6 25. Re4 Qh6 26. Bc1 Nh3+ 27. Bxh3 Qxh3 28. Qf1 Qxf1+ 29. Kxf1 a5 30. Ba3 Rf7 31. Re8+ Kg7 32. Nd2 a4 33. Ne4 Be7 34. Bxe7 a3 35. Rg5+ Kh6 36. Bf8+ Rxf8 37. Rxf8 1-0

[Event "POR-chT 52nd"]
[Site "Vila Nova de Gaia"]
[Date "2010.07.25"]
[Round "2.1"]
[White "Marques, Rui Filipe Pereira"]
[Black "Costa, Joao Guerra"]
[Result "1/2-1/2"]
[WhiteElo "2155"]
[BlackElo "2171"]
[PlyCount "102"]
[EventDate "2010.07.24"]
[EventType "team-tourn"]
[EventRounds "9"]
[EventCountry "POR"]
[SourceTitle "EXT 2011"]
[Source "ChessBase"]
[SourceDate "2010.11.26"]
[SourceVersion "1"]
[SourceVersionDate "2010.11.26"]
[SourceQuality "1"]
[WhiteTeam "Alekhine"]
[BlackTeam "Dias Ferreira"]
[WhiteTeamCountry "POR"]
[BlackTeamCountry "POR"]

1. e4 c5 2. Nf3 e6 3. c3 d5 4. exd5 exd5 5. d4 Nf6 6. Bg5 Be7 7. dxc5 0-0 8. Bd3 Bxc5 9. 0-0 Nbd7 10. Nbd2 Re8 11. Qa4 a6 12. Nb3 Bd6 13. Nbd4 Qc7 14. Rfe1 Rxe1+ 15. Rxe1 Nc5 16. Qd1 Nfe4 17. Bb1 Bg4 18. h3 Bh5 19. Bc1 Bh2+ 20. Kf1 Bg6 21. Be3 b5 22. Nxh2 Qxh2 23. Nf3 Qd6 24. Bxc5 Qxc5 25. Qd4 Qxd4 26. cxd4 Rc8 27. Rd1 f6 28. Nh4 Nd2+ 29. Rxd2 Bxb1 30. a3 Kf7 31. g3 Rc1+ 32. Ke2 Ba2 33. Ng2 Bc4+ 34. Kf3 Ke6 35. Nf4+ Ke7 36. h4 g5 37. Ng2 h6 38. Ne3 Ke6 39. h5 Ba2 40. Rc2 Rxc2 41. Nxc2 a5 42. Ne3 f5 43. b4 axb4 44. axb4 Bb1 45. Nd1 Bd3 46. Ke3 Bb1 47. f3 Kd6 48. Kf2 Bd3 49. Ke3 Bf1 50. Nf2 Ke6 51. Nd1 Kd6 1/2-1/2

[Event "POR-chT 52nd"]
[Site "Vila Nova de Gaia"]
[Date "2010.07.24"]
[Round "1.1"]
[White "Costa, Joao Guerra"]
[Black "De Prado Rodriguez, Oscar Bruno"]
[Result "0-1"]
[WhiteElo "2171"]
[BlackElo "2303"]
[PlyCount "53"]
[EventDate "2010.07.24"]
[EventType "team-tourn"]
[EventRounds "9"]
[EventCountry "POR"]
[SourceTitle "EXT 2011"]
[Source "ChessBase"]
[SourceDate "2010.11.26"]
[SourceVersion "1"]
[SourceVersionDate "2010.11.26"]
[SourceQuality "1"]
[WhiteTeam "Dias Ferreira"]
[BlackTeam "Ferroviarios do Barreiro"]
[WhiteTeamCountry "POR"]
[BlackTeamCountry "POR"]

1. e4 d5 2. exd5 Qxd5 3. Nf3 Bg4 4. Be2 Nc6 5. d4 0-0-0 6. Be3 e5 7. c4 Qa5+ 8. Bd2 Bb4 9. d5 Bxf3 10. Bxf3 Nd4 11. a3 Bxd2+ 12. Nxd2 Nf6 13. 0-0 c6 14. b4 Qa6 15. dxc6 Nxf3+ 16. Qxf3 Rxd2 17. Qf5+ Kb8 18. Qxe5+ Ka8 19. Qg5 Rdd8 20. b5 Qb6 21. Qxg7 Ne4 22. Qxf7 bxc6 23. Qf5 Nd2 24. Rfd1 Rhf8 25. c5 Qxb5 26. Qh5 Rd5 27. Qxd5 0-1

[Event "Figueira da Foz op 6th"]
[Site "Figueira da Foz"]
[Date "2009.12.05"]
[Round "8"]
[White "Costa, Joao Guerra"]
[Black "Leite Oralova, Catarina"]
[Result "0-1"]
[WhiteElo "2222"]
[BlackElo "2210"]
[PlyCount "88"]
[EventDate "2009.11.27"]
[EventType "swiss"]
[EventRounds "9"]
[EventCountry "POR"]
[SourceTitle "CBM 133 Extra"]
[Source "ChessBase"]
[SourceDate "2010.01.05"]
[SourceVersion "1"]
[SourceVersionDate "2010.01.05"]
[SourceQuality "1"]

1. e4 e5 2. Nf3 Nc6 3. Bb5 a6 4. Ba4 Nf6 5. 0-0 b5 6. Bb3 Be7 7. d3 0-0 8. c3 Re8 9. Re1 Bb7 10. Nbd2 Bf8 11. Nf1 Na5 12. Bc2 c5 13. Bg5 h6 14. Bh4 Qb6 15. Qd2 Nh5 16. Ne3 Qg6 17. Bg3 Nxg3 18. hxg3 Rac8 19. Rf1 Qe6 20. Nh4 c4 21. d4 exd4 22. cxd4 c3 23. bxc3 Bxe4 24. Bxe4 Qxe4 25. Rfe1 Qc6 26. Rac1 Nc4 27. Nxc4 Qxc4 28. Rc2 Rc6 29. Nf5 Qd5 30. Ne3 Qg5 31. d5 Rc7 32. c4 bxc4 33. Rec1 Ba3 34. Rb1 Bc5 35. Qa5 Rcc8 36. Nxc4 Qf5 37. Rbc1 Qxd5 38. Qxa6 Ra8 39. Nb6 Qc6 40. Nxa8 Qxa6 41. Nc7 Bxf2+ 42. Rxf2 Qa3 43. Rcf1 Kf8 44. Nb5 Qc5 0-1

[Event "Figueira da Foz op 6th"]
[Site "Figueira da Foz"]
[Date "2009.12.01"]
[Round "4"]
[White "Costa, Joao Guerra"]
[Black "Diogo, Vasco Andre Marcalo"]
[Result "1/2-1/2"]
[WhiteElo "2222"]
[BlackElo "2290"]
[PlyCount "95"]
[EventDate "2009.11.27"]
[EventType "swiss"]
[EventRounds "9"]
[EventCountry "POR"]
[SourceTitle "CBM 133 Extra"]
[Source "ChessBase"]
[SourceDate "2010.01.05"]
[SourceVersion "1"]
[SourceVersionDate "2010.01.05"]
[SourceQuality "1"]

1. e4 d5 2. exd5 Qxd5 3. Nc3 Qa5 4. d4 c6 5. Nf3 Nf6 6. Bd2 Bf5 7. Bc4 e6 8. 0-0 Bb4 9. a3 Bxc3 10. Bxc3 Qc7 11. h3 Nbd7 12. Bd3 Bxd3 13. Qxd3 0-0 14. b3 Rad8 15. Bb2 Rfe8 16. Qe2 Qf4 17. Rfe1 Nf8 18. Rad1 Ng6 19. Ne5 Nd5 20. c4 Nb6 21. Rd3 Qh4 22. Rf3 Nxe5 23. Qxe5 Rd7 24. Rg3 f6 25. Qa5 Qf4 26. Rge3 Rde7 27. Qxa7 Nc8 28. Qa5 Qd6 29. Qh5 g6 30. Qh4 Rf7 31. Qg4 Ree7 32. b4 Qd7 33. f4 Nd6 34. Qe2 b5 35. cxb5 cxb5 36. d5 Nf5 37. Bxf6 Nxe3 38. Qxe3 Qxd5 39. Bxe7 Rxe7 40. Qc5 Rd7 41. Qxd5 exd5 42. Kf2 Kf7 43. Rd1 Ke6 44. Ke3 Rc7 45. Kd3 Ra7 46. Ra1 Kd6 47. g3 h6 48. h4 1/2-1/2

[Event "Figueira da Foz op 6th"]
[Site "Figueira da Foz"]
[Date "2009.11.30"]
[Round "2"]
[White "Costa, Joao Guerra"]
[Black "Campora, Daniel Hugo"]
[Result "0-1"]
[WhiteElo "2222"]
[BlackElo "2522"]
[PlyCount "116"]
[EventDate "2009.11.27"]
[EventType "swiss"]
[EventRounds "9"]
[EventCountry "POR"]
[SourceTitle "CBM 133 Extra"]
[Source "ChessBase"]
[SourceDate "2010.01.05"]
[SourceVersion "1"]
[SourceVersionDate "2010.01.05"]
[SourceQuality "1"]

1. e4 c6 2. d4 d5 3. e5 Na6 4. Nd2 Nc7 5. Nb3 g6 6. h4 h5 7. Nh3 Nh6 8. Nf4 Bg4 9. Be2 Bxe2 10. Qxe2 e6 11. g3 Nf5 12. Ng2 Na6 13. c3 Qd7 14. Bg5 c5 15. dxc5 Nxc5 16. Ne3 Nxe3 17. Nxc5 Bxc5 18. fxe3 Be7 19. Bxe7 Qxe7 20. 0-0 0-0-0 21. Rf6 Qc7 22. Qf3 Rd7 23. Qf4 Re8 24. Qd4 Kb8 25. Raf1 Ree7 26. b3 a6 27. Kg2 Qc6 28. R1f2 Rc7 29. Rc2 Red7 30. Kg1 Rc8 31. Qf4 Qb6 32. Kf2 Rcc7 33. Qd4 Qa5 34. Ke1 Rc6 35. a4 Qc7 36. Kd2 Qc8 37. Rc1 Rdc7 38. Qb4 Rc5 39. Rf3 Qe8 40. Rf6 Qc6 41. Qd4 a5 42. Rf4 Qe8 43. Kc2 b6 44. Kb2 f5 45. c4 Ka7 46. Qd2 Qh8 47. Qd4 Qc8 48. Rc3 Qe8 49. Ka3 Kb7 50. Rf2 Qe7 51. Ka2 dxc4 52. bxc4 Qe8 53. Ka3 Rd7 54. Qf4 Ka7 55. Qf3 Rxe5 56. Kb2 Qe7 57. Ka2 Rc5 58. Rb3 Rd6 0-1

[Event "Figueira da Foz op 6th"]
[Site "Figueira da Foz"]
[Date "2009.11.29"]
[Round "1"]
[White "Aguiar, Henrique Rui Neves"]
[Black "Costa, Joao Guerra"]
[Result "0-1"]
[WhiteElo "1710"]
[BlackElo "2222"]
[PlyCount "53"]
[EventDate "2009.11.27"]
[EventType "swiss"]
[EventRounds "9"]
[EventCountry "POR"]
[SourceTitle "CBM 133 Extra"]
[Source "ChessBase"]
[SourceDate "2010.01.05"]
[SourceVersion "1"]
[SourceVersionDate "2010.01.05"]
[SourceQuality "1"]

1. e4 c5 2. Nf3 e6 3. d4 cxd4 4. Nxd4 a6 5. Bd3 Nf6 6. 0-0 d6 7. Nc3 Qc7 8. Be3 b5 9. a3 Bb7 10. f4 Be7 11. h3 0-0 12. Qe1 Nbd7 13. Nb3 Rad8 14. Qg3 d5 15. exd5 Nxd5 16. Bd4 Bf6 17. Bxf6 N7xf6 18. Ne2 Nb6 19. Qh4 Nc4 20. Bxc4 bxc4 21. Nbd4 Qb6 22. c3 Be4 23. Rac1 Qxb2 24. Qg5 Bd3 25. Rce1 Rd5 26. Qg3 Ne4 27. Qg4 0-1

[Event "POR-ch"]
[Site "Vila Real"]
[Date "2005.08.11"]
[Round "9"]
[White "Rocha, Sergio MC"]
[Black "Costa, Joao Guerra"]
[Result "1-0"]
[WhiteElo "2409"]
[BlackElo "2258"]
[PlyCount "70"]
[EventDate "2005.08.03"]
[EventType "tourn"]
[EventRounds "9"]
[EventCountry "POR"]
[EventCategory "5"]
[SourceTitle "CBM 107 Extra"]
[Source "ChessBase"]
[SourceDate "2005.09.01"]
[SourceVersion "1"]
[SourceVersionDate "2005.09.01"]
[SourceQuality "1"]

1. e4 b6 2. d4 Bb7 3. Bd3 e6 4. Nf3 c5 5. c3 Nf6 6. Qe2 cxd4 7. cxd4 Bb4+ 8. Nbd2 d5 9. e5 Ne4 10. 0-0 Nxd2 11. Bxd2 Bxd2 12. Qxd2 Ba6 13. Bxa6 Nxa6 14. Rfc1 0-0 15. Qd3 Nc7 16. Rc6 Rb8 17. Rac1 Na8 18. Qa6 Qd7 19. a4 Rb7 20. b4 h6 21. Qd3 Rc7 22. Rxc7 Nxc7 23. Qc2 Ne8 24. b5 Qe7 25. Qb2 g6 26. Rc6 Ng7 27. Qc3 Rd8 28. g4 f5 29. exf6 Qxf6 30. Ne5 h5 31. h3 hxg4 32. hxg4 Rf8 33. Qe3 Qh4 34. Kg2 Kh7 35. Rc1 Rh8 1-0